000
00342nam a22001457a 4500
008
221114b ||||| |||| 00| 0 eng d
020
_a
9789951592093
041
_a
eng
080
_a
72
082
_a
72 SEJ
100
_a
19.1
101
_a
ARK
245
_a
APLIKIMI I AUTOCAD 2020 NE PROJEKTIMIN E MOBILEVE
_c
SEJDIU RR
942
_2
udc
_c
BK
999
_c
58887
_d
58887